LEADER 01046cam2 22002771 450 001 SOBE00019469 005 20111114141135.0 100 $a20111110d1821 |||||ita|0103 ba 101 $alat 102 $aIT 200 0 $a5 210 $aAugustae Taurinorum$cex typis vidvae Pomba et filiorum$d1821 215 $a658 p.$c[1] c. di tav.$d24 cm 225 2 $aCollectio latinorum scriptorum cum notis 410 1$1001SOBE00019441$12001 $a*Collectio latinorum scriptorum cum notis 461 1$1001SOBE00019442$12001 $a<>Opera quae exstant omnia / ex recensione Ier. Iac. Oberlini 700 1$aTacitus$b, Publius Cornelius$3AF00004169$4070$05717 801 0$aIT$bUNISOB$c20111114$gRICA 850 $aUNISOB 852 $aUNISOB$j090|Coll|1|K$m2779 912 $aSOBE00019469 940 $aM 103 Monografia antica SBN 941 $aW 957 $a090|Coll|1|K$b000001$i-5$fconsultabile previa autorizzazione$gNO$d2779$1bethb$2UNISOB$3UNISOB$420111110105322.0$520120403110517.0$6bethb 996 $a5$91720241 997 $aUNISOB